| 000 | 00518nam a22001937a 4500 | ||
|---|---|---|---|
| 003 | CEME | ||
| 005 | 20210628202835.0 | ||
| 008 | 210118b xxu||||| |||| 00| 0 eng d | ||
| 020 | _a81-7319-522-6 | ||
| 040 | _c. | ||
| 082 | _a536.25 COM | ||
| 100 |
_aMuralidhar , K, Sundararajan , T _961903 |
||
| 245 | _aComputational fluid flow and heat transfer | ||
| 250 | _a2ND | ||
| 260 |
_aNEW DELHI _bNAROSA _c2005 |
||
| 300 | _aIXV,592 P | ||
| 650 |
_aCOMPUTATIONAL FLUID FLOW.HEAT TRANSFER _961904 |
||
| 942 |
_cBK _2ddc |
||
| 999 |
_c571193 _d571193 |
||